| 000 | 00800nam a2200265Ia 4500 | ||
|---|---|---|---|
| 003 | OSt | ||
| 005 | 20220918223322.0 | ||
| 006 | a|||||r|||| 00| 0 | ||
| 007 | ta | ||
| 008 | 220917b |||||||| |||| 00| 0 eng d | ||
| 024 | _a221,901 | ||
| 037 | _cTextual | ||
| 040 |
_aARTS _cARTS _beng |
||
| 041 |
_2eng _aeng |
||
| 082 | _aW6:19(zQ).1.N, P2 | ||
| 100 |
_aHuth Paul K. _9145440 |
||
| 245 | 0 | _aDemocratic peace and territorial conflict in the twentieth century | |
| 260 |
_aU.K. _bCambridge Uni. press _c2002 |
||
| 300 |
_axvii, 488p _ccm. |
||
| 490 | _aCambridge studies in international relations | ||
| 650 | _aPOLITICAL SCIENCE | ||
| 700 |
_a Allee Todd L. _9145441 |
||
| 942 |
_hW6:19(zQ).1.N, P2 _cTEXL _2CC |
||
| 999 |
_c278102 _d278102 |
||